Word Ladder: Monster Maker Quiz Stats

Quiz Updated Nov 13, 2015

Challenge
Share
Tweet
Embed
Score 0/11 Timer 01:00
0 Plays Today
Hint 4-Letter Word % Correct
Opposite of borrowLEND
93.1%
Legume that may leave you gassyBEAN
92.9%
Chemical element PbLEAD
92.6%
Muffin that's full of fiberBRAN
92.5%
Part of the eye that bends light raysLENS
91.3%
●Multiple Barbie companions●●KENS●
90.5%
Jack Sprat's wife could eat noneLEAN
89.7%
●Tarkenton, Lebowitz, or Drescher, e.g.●●FRAN●
84%
Several people's familiesKINS
83.4%
●Prong on a fork●●TINE●
83.2%
Group of cows (archaic)KINE
73.9%

Today's Daily Dose

Missing Word
'Holy' Songs

Word Ladder
Blue Phrases

On This Day
July 24th

You're not logged in!

Compare scores with friends on all Sporcle quizzes.
Sign Up with Email
OR
Log In

You Might Also Like...

Show Comments

Extras

Top Quizzes Today


Quiz Stats

Your Account Isn't Verified!

In order to create a playlist on Sporcle, you need to verify the email address you used during registration. Go to your Sporcle Settings to finish the process.